[Event "DVM U16 2022"]
[Site "Darmstadt GER"]
[Date "2022.12.27"]
[Round "1"]
[White "Willberg, Marek"]
[Black "Tang, Shunjie Roger"]
[Result "1/2-1/2"]
[Termination "normal"]
[Board "7.4"]
[WhiteElo "1386"]
[BlackElo "1217"]
[WhiteClock "00:25:46"]
[BlackClock "00:10:46"]
[WhiteTeam "VfB Schach Leipzig e.V."]
[BlackTeam "SF Neureut 1953 e.V."]
[PlyCount "103"]
[WhiteFideId "16224027"]
[BlackFideId "16298004"]
[EventCountry "GER"]
[EventRounds "7"]
[EventType "team-swiss"]
[EventDate "2022.12.26"]

1. c4 {[%clk 1:30:56]} e5 {[%clk 1:30:37]} 2. g3 {[%clk 1:30:57]} Nc6 {[%clk
1:30:45]} 3. Bg2 {[%clk 1:30:49]} Bc5 {[%clk 1:30:47]} 4. Nc3 {[%clk 1:28:48]}
d6 {[%clk 1:29:53]} 5. Nf3 {[%clk 1:27:17]} a6 {[%clk 1:28:37]} 6. d3 {[%clk
1:26:13]} Be6 {[%clk 1:26:15]} 7. O-O {[%clk 1:22:03]} Qd7 {[%clk 1:22:34]} 8.
a3 {[%clk 1:21:19]} Ba7 {[%clk 1:17:26]} 9. b4 {[%clk 1:19:55]} Nd4 {[%clk
1:12:17]} 10. Nxd4 {[%clk 0:55:35]} Bxd4 {[%clk 1:10:59]} 11. Bd2 {[%clk
0:55:25]} Rb8 {[%clk 1:02:54]} 12. e3 {[%clk 0:48:42]} Bxc3 {[%clk 1:00:24]}
13. Bxc3 {[%clk 0:49:02]} Bh3 {[%clk 0:55:11]} 14. f4 {[%clk 0:45:29]} Bxg2 15.
Kxg2 {[%clk 0:45:44]} f6 {[%clk 0:43:46]} 16. Qf3 {[%clk 0:41:21]} Nh6 {[%clk
0:32:18]} 17. fxe5 {[%clk 0:38:15]} dxe5 {[%clk 0:29:38]} 18. d4 {[%clk
0:34:19]} exd4 {[%clk 0:26:55]} 19. exd4 {[%clk 0:33:50]} O-O {[%clk 0:26:42]}
20. Rae1 {[%clk 0:31:14]} Qf7 {[%clk 0:24:01]} 21. d5 {[%clk 0:28:15]} Rfe8
{[%clk 0:20:51]} 22. Bd2 {[%clk 0:24:54]} Qg6 {[%clk 0:19:08]} 23. Bxh6 {[%clk
0:11:40]} Qxh6 {[%clk 0:18:49]} 24. Re2 {[%clk 0:11:07]} Qg6 {[%clk 0:14:45]}
25. Rfe1 {[%clk 0:09:54]} Rxe2 {[%clk 0:11:45]} 26. Rxe2 {[%clk 0:10:15]} Re8
{[%clk 0:11:34]} 27. c5 {[%clk 0:09:02]} Kf8 {[%clk 0:06:46]} 28. d6 {[%clk
0:06:06]} cxd6 {[%clk 0:02:18]} 29. cxd6 {[%clk 0:06:04]} Rxe2 {[%clk 0:01:46]}
30. Qxe2 {[%clk 0:06:25]} Qf7 {[%clk 0:01:22]} 31. Qd3 {[%clk 0:05:08]} Qd7
{[%clk 0:01:22]} 32. Qxh7 {[%clk 0:04:09]} Qxd6 {[%clk 0:01:32]} 33. Qh8 {[%clk
0:04:23]} Kf7 {[%clk 0:01:43]} 34. Qh5 {[%clk 0:04:08]} Kf8 {[%clk 0:01:44]}
35. Qh8 {[%clk 0:04:30]} Kf7 {[%clk 0:01:45]} 36. Qh5 {[%clk 0:04:53]} Kg8
{[%clk 0:02:01]} 37. Qe8 {[%clk 0:04:55]} Qf8 {[%clk 0:02:18]} 38. Qe6 {[%clk
0:03:59]} Qf7 {[%clk 0:01:08]} 39. Qc8 {[%clk 0:03:59]} Kh7 {[%clk 0:01:33]}
40. Qh3 {[%clk 0:04:05]} Kg6 {[%clk 0:01:09]} 41. Qg4 {[%clk 0:01:50]} Kh6
{[%clk 0:01:20]} 42. Qf4 {[%clk 0:30:22]} g5 {[%clk 0:31:30]} 43. Qf3 {[%clk
0:30:44]} Kg6 {[%clk 0:31:22]} 44. g4 {[%clk 0:29:57]} Qa2 {[%clk 0:31:02]} 45.
Kg3 {[%clk 0:29:14]} Qf7 {[%clk 0:28:48]} 46. h4 {[%clk 0:24:38]} Qc7 {[%clk
0:26:47]} 47. Kh3 {[%clk 0:24:55]} gxh4 {[%clk 0:27:02]} 48. Kxh4 {[%clk
0:25:12]} Qh2 {[%clk 0:26:56]} 49. Qh3 {[%clk 0:25:28]} Qxh3 {[%clk 0:13:21]}
50. Kxh3 {[%clk 0:25:50]} Kg5 {[%clk 0:11:23]} 51. Kg3 {[%clk 0:26:02]} b6
{[%clk 0:10:46]} 52. Kf3 {[%clk 0:25:46]} 1/2-1/2

[Event "DVM U16 2022"]
[Site "Darmstadt GER"]
[Date "2022.12.27"]
[Round "1"]
[White "Bilovil, Bogdan"]
[Black "Eichhorn, Valentin"]
[Result "1-0"]
[Termination "normal"]
[Board "8.1"]
[WhiteTitle "FM"]
[WhiteElo "2373"]
[BlackElo "1566"]
[WhiteClock "00:51:43"]
[BlackClock "00:09:06"]
[WhiteTeam "Rhedaer Schachverein von 1931 e. V."]
[BlackTeam "Karlsruher SF 1853"]
[PlyCount "91"]
[WhiteFideId "14168766"]
[BlackFideId "16239032"]
[EventCountry "GER"]
[EventRounds "7"]
[EventType "team-swiss"]
[EventDate "2022.12.26"]

1. d4 {[%clk 1:30:57]} d5 {[%clk 1:30:44]} 2. c4 {[%clk 1:31:21]} e6 {[%clk
1:30:56]} 3. Nc3 {[%clk 1:31:43]} Nf6 {[%clk 1:31:04]} 4. cxd5 {[%clk 1:31:59]}
exd5 {[%clk 1:31:08]} 5. Bg5 {[%clk 1:32:20]} Be7 {[%clk 1:30:08]} 6. e3 {[%clk
1:32:23]} c6 {[%clk 1:27:32]} 7. Qc2 {[%clk 1:32:44]} O-O {[%clk 1:26:37]} 8.
Bd3 {[%clk 1:33:01]} h6 {[%clk 1:26:12]} 9. Bh4 {[%clk 1:32:45]} Nbd7 {[%clk
1:25:45]} 10. f3 {[%clk 1:31:35]} b6 {[%clk 1:19:59]} 11. Nge2 {[%clk 1:31:45]}
Bb7 {[%clk 1:13:30]} 12. O-O {[%clk 1:30:50]} Rc8 {[%clk 1:09:07]} 13. Bf2
{[%clk 1:29:48]} c5 {[%clk 1:04:27]} 14. Rad1 {[%clk 1:29:44]} Re8 {[%clk
1:02:30]} 15. dxc5 {[%clk 1:26:28]} Bxc5 {[%clk 1:00:05]} 16. Nd4 {[%clk
1:26:42]} Bxd4 {[%clk 0:55:45]} 17. exd4 {[%clk 1:27:10]} Qe7 {[%clk 0:52:52]}
18. Qb3 {[%clk 1:15:00]} Nf8 {[%clk 0:46:40]} 19. Nb5 {[%clk 1:13:38]} Ra8
{[%clk 0:43:40]} 20. Rc1 {[%clk 1:04:10]} Rec8 {[%clk 0:40:11]} 21. Bf5 {[%clk
1:04:04]} Ne6 {[%clk 0:39:46]} 22. Bxe6 {[%clk 1:01:20]} fxe6 {[%clk 0:39:12]}
23. Nc3 {[%clk 0:59:08]} Ba6 {[%clk 0:36:58]} 24. Rfe1 {[%clk 0:59:12]} Bc4
{[%clk 0:35:54]} 25. Qd1 {[%clk 0:59:14]} Re8 {[%clk 0:34:16]} 26. Re3 {[%clk
0:57:27]} Qd7 {[%clk 0:32:45]} 27. Qd2 {[%clk 0:57:04]} Re7 {[%clk 0:32:08]}
28. Bg3 {[%clk 0:56:53]} Rae8 {[%clk 0:30:22]} 29. Be5 {[%clk 0:55:10]} Qd8
{[%clk 0:29:46]} 30. Rce1 {[%clk 0:55:24]} Kf7 {[%clk 0:28:06]} 31. b3 {[%clk
0:54:57]} Ba6 {[%clk 0:28:02]} 32. Nd1 {[%clk 0:55:22]} Bb7 {[%clk 0:26:16]}
33. Nf2 {[%clk 0:55:42]} Qd7 {[%clk 0:21:25]} 34. Nd3 {[%clk 0:51:40]} Rc8
{[%clk 0:20:08]} 35. Bf4 {[%clk 0:49:56]} Qe8 {[%clk 0:18:47]} 36. Bd6 {[%clk
0:50:11]} Rd7 {[%clk 0:15:35]} 37. Ne5 {[%clk 0:49:43]} Kg8 {[%clk 0:15:48]}
38. Nxd7 {[%clk 0:49:56]} Qxd7 {[%clk 0:16:10]} 39. Be5 {[%clk 0:50:10]} Rc6
{[%clk 0:15:03]} 40. Rc3 {[%clk 0:50:29]} Kf7 {[%clk 0:14:40]} 41. Rec1 {[%clk
0:50:52]} Ne8 {[%clk 0:13:24]} 42. a4 {[%clk 0:50:55]} a5 {[%clk 0:11:53]} 43.
Qd3 {[%clk 0:50:42]} g6 {[%clk 0:10:08]} 44. Qb5 {[%clk 0:50:56]} Nd6 {[%clk
0:08:52]} 45. Bxd6 {[%clk 0:51:19]} Rxd6 {[%clk 0:09:06]} 46. Rc7 {[%clk
0:51:43]} 1-0

[Event "DVM U16 2022"]
[Site "Darmstadt GER"]
[Date "2022.12.27"]
[Round "1"]
[White "Schirneck, Ethan"]
[Black "Hoffmann, Sophia"]
[Result "1-0"]
[Termination "normal"]
[Board "8.3"]
[WhiteElo "1497"]
[BlackElo "1352"]
[WhiteClock "00:27:32"]
[BlackClock "00:27:00"]
[WhiteTeam "Rhedaer Schachverein von 1931 e. V."]
[BlackTeam "Karlsruher SF 1853"]
[PlyCount "91"]
[WhiteFideId "34625593"]
[BlackFideId "16259130"]
[EventCountry "GER"]
[EventRounds "7"]
[EventType "team-swiss"]
[EventDate "2022.12.26"]

1. Nf3 {[%clk 1:30:58]} Nc6 {[%clk 1:30:53]} 2. g3 {[%clk 1:31:17]} b6 {[%clk
1:31:10]} 3. Bg2 {[%clk 1:31:40]} Bb7 {[%clk 1:31:36]} 4. d3 {[%clk 1:32:02]}
Nf6 {[%clk 1:31:56]} 5. O-O {[%clk 1:32:20]} g6 {[%clk 1:32:09]} 6. Nbd2 {[%clk
1:32:14]} Bg7 {[%clk 1:32:16]} 7. Re1 {[%clk 1:32:05]} O-O {[%clk 1:32:11]} 8.
e4 {[%clk 1:32:14]} e5 {[%clk 1:28:28]} 9. c3 {[%clk 1:28:44]} Re8 {[%clk
1:25:05]} 10. Qc2 {[%clk 1:26:51]} d5 {[%clk 1:20:05]} 11. exd5 {[%clk
1:17:25]} Nxd5 {[%clk 1:19:50]} 12. Nc4 {[%clk 1:04:34]} Ba6 {[%clk 1:09:19]}
13. Nfd2 {[%clk 0:55:29]} Qd7 {[%clk 0:59:50]} 14. Rb1 {[%clk 0:50:45]} Rad8
{[%clk 0:56:24]} 15. b4 {[%clk 0:37:23]} b5 {[%clk 0:46:51]} 16. Ne3 {[%clk
0:28:55]} Nde7 {[%clk 0:42:33]} 17. Bf1 {[%clk 0:25:53]} Nf5 {[%clk 0:30:34]}
18. Nb3 {[%clk 0:24:09]} Nce7 {[%clk 0:27:36]} 19. Nc5 {[%clk 0:19:10]} Qd6
{[%clk 0:23:57]} 20. a4 {[%clk 0:16:24]} Qc6 {[%clk 0:14:51]} 21. Bg2 {[%clk
0:16:06]} Qb6 {[%clk 0:13:49]} 22. Rd1 {[%clk 0:14:52]} bxa4 {[%clk 0:06:21]}
23. Qxa4 {[%clk 0:14:00]} Bb5 {[%clk 0:05:46]} 24. Qa5 {[%clk 0:12:18]} Bc6
{[%clk 0:02:53]} 25. Nc4 {[%clk 0:10:39]} Qxa5 {[%clk 0:02:38]} 26. Nxa5 {[%clk
0:10:37]} Bxg2 {[%clk 0:02:24]} 27. Kxg2 {[%clk 0:11:05]} Nd5 {[%clk 0:01:44]}
28. Bb2 {[%clk 0:10:51]} Nb6 {[%clk 0:01:32]} 29. Nc6 {[%clk 0:10:25]} Ra8
{[%clk 0:01:26]} 30. Na6 {[%clk 0:09:55]} Rec8 {[%clk 0:01:13]} 31. g4 {[%clk
0:09:52]} Nh4 {[%clk 0:00:31]} 32. Kg3 {[%clk 0:10:11]} g5 {[%clk 0:00:37]} 33.
Ne7 {[%clk 0:10:31]} Kf8 {[%clk 0:01:01]} 34. Nxc8 {[%clk 0:10:50]} Rxc8 {[%clk
0:01:21]} 35. Nc5 {[%clk 0:10:27]} Nd5 {[%clk 0:01:08]} 36. Re1 {[%clk
0:08:22]} Nf4 {[%clk 0:00:43]} 37. Nd7 {[%clk 0:08:33]} Ke7 {[%clk 0:00:32]}
38. Nxe5 {[%clk 0:08:12]} Bxe5 {[%clk 0:00:41]} 39. Rxe5 {[%clk 0:08:36]} Kf6
{[%clk 0:01:04]} 40. c4 {[%clk 0:07:54]} Rd8 {[%clk 0:00:45]} 41. Re3 {[%clk
0:02:51]} Kg6 {[%clk 0:28:28]} 42. Ra1 {[%clk 0:29:07]} Rxd3 {[%clk 0:27:08]}
43. Ra6 {[%clk 0:29:02]} f6 {[%clk 0:26:38]} 44. Rxf6 {[%clk 0:28:34]} Kg7
{[%clk 0:27:02]} 45. Rxf4 {[%clk 0:27:14]} Kg8 {[%clk 0:27:00]} 46. Rxd3 {[%clk
0:27:32]} 1-0

[Event "DVM U16 2022"]
[Site "Darmstadt GER"]
[Date "2022.12.27"]
[Round "1"]
[White "Kossert, Simon"]
[Black "Döding, Alexander"]
[Result "1-0"]
[Termination "normal"]
[Board "8.4"]
[WhiteElo "1299"]
[BlackElo "1561"]
[WhiteClock "00:05:37"]
[BlackClock "00:00:35"]
[WhiteTeam "Karlsruher SF 1853"]
[BlackTeam "Rhedaer Schachverein von 1931 e. V."]
[PlyCount "89"]
[WhiteFideId "16283287"]
[BlackFideId "34614940"]
[EventCountry "GER"]
[EventRounds "7"]
[EventType "team-swiss"]
[EventDate "2022.12.26"]

1. e4 {[%clk 1:30:59]} e5 {[%clk 1:30:54]} 2. Nf3 {[%clk 1:31:12]} Nf6 {[%clk
1:31:11]} 3. Nc3 {[%clk 1:31:34]} Bb4 {[%clk 1:31:16]} 4. Nxe5 {[%clk 1:28:53]}
O-O {[%clk 1:31:20]} 5. d3 {[%clk 1:25:08]} d5 {[%clk 1:30:54]} 6. Bd2 {[%clk
1:20:41]} Re8 {[%clk 1:22:23]} 7. Nf3 {[%clk 1:16:36]} dxe4 {[%clk 1:07:10]} 8.
dxe4 {[%clk 1:15:35]} Bxc3 {[%clk 1:04:31]} 9. Bxc3 {[%clk 1:13:09]} Qxd1
{[%clk 1:04:14]} 10. Rxd1 {[%clk 1:05:27]} Nxe4 {[%clk 1:04:11]} 11. Be2 {[%clk
1:01:17]} Nxc3 {[%clk 1:00:38]} 12. bxc3 {[%clk 1:01:17]} Nc6 {[%clk 0:59:40]}
13. Rd2 {[%clk 0:54:33]} Bg4 {[%clk 0:50:20]} 14. O-O {[%clk 0:53:36]} Rad8
{[%clk 0:40:10]} 15. Rfd1 {[%clk 0:50:52]} Rxd2 {[%clk 0:38:55]} 16. Rxd2
{[%clk 0:50:56]} Bxf3 {[%clk 0:39:05]} 17. gxf3 {[%clk 0:51:07]} Rd8 {[%clk
0:38:14]} 18. Rxd8 {[%clk 0:49:56]} Nxd8 {[%clk 0:38:37]} 19. Kg2 {[%clk
0:34:57]} Kf8 {[%clk 0:38:40]} 20. f4 {[%clk 0:28:25]} Ke7 {[%clk 0:38:28]} 21.
f5 {[%clk 0:27:39]} Kd6 {[%clk 0:37:37]} 22. f4 {[%clk 0:27:19]} Kc5 {[%clk
0:36:32]} 23. a4 {[%clk 0:18:41]} Nc6 {[%clk 0:35:36]} 24. Kg3 {[%clk 0:13:47]}
Na5 {[%clk 0:34:38]} 25. f6 {[%clk 0:13:10]} g6 {[%clk 0:34:17]} 26. Kg4 {[%clk
0:10:36]} Kd6 {[%clk 0:23:38]} 27. Kg5 {[%clk 0:09:48]} Nc6 {[%clk 0:09:57]}
28. Kh6 {[%clk 0:04:49]} Nd8 {[%clk 0:08:41]} 29. Bg4 {[%clk 0:05:00]} Ne6
{[%clk 0:06:04]} 30. Kxh7 {[%clk 0:03:49]} Nd8 {[%clk 0:05:16]} 31. Kg7 {[%clk
0:03:06]} c6 {[%clk 0:04:35]} 32. h4 {[%clk 0:03:17]} a5 {[%clk 0:03:29]} 33.
f5 {[%clk 0:03:36]} b5 {[%clk 0:02:12]} 34. fxg6 {[%clk 0:03:23]} bxa4 {[%clk
0:02:09]} 35. gxf7 {[%clk 0:03:43]} Nxf7 {[%clk 0:01:27]} 36. Kxf7 {[%clk
0:04:07]} a3 {[%clk 0:01:30]} 37. Be6 {[%clk 0:04:29]} c5 {[%clk 0:00:58]} 38.
Ba2 {[%clk 0:04:46]} Ke5 {[%clk 0:00:48]} 39. Ke7 {[%clk 0:05:01]} Kf4 {[%clk
0:00:47]} 40. f7 {[%clk 0:05:24]} Ke3 {[%clk 0:00:34]} 41. f8=Q {[%clk
0:05:44]} Kd2 {[%clk 0:00:36]} 42. Qf3 {[%clk 0:05:35]} a4 {[%clk 0:00:31]} 43.
c4 {[%clk 0:05:23]} Kc1 {[%clk 0:00:35]} 44. Qxa3 {[%clk 0:05:37]} Kd2 {[%clk
0:00:35]} 45. h5 1-0

[Event "DVM U16 2022"]
[Site "Darmstadt GER"]
[Date "2022.12.27"]
[Round "1"]
[White "Mimkes, Antal"]
[Black "Halabi, Ibrahim"]
[Result "0-1"]
[Termination "normal"]
[Board "9.1"]
[WhiteElo "1778"]
[BlackElo "1927"]
[WhiteClock "00:13:13"]
[BlackClock "00:14:10"]
[WhiteTeam "KSV Rochade Göttingen (Veltheim)"]
[BlackTeam "SK Frankenthal"]
[PlyCount "112"]
[WhiteFideId "16265963"]
[BlackFideId "16241754"]
[EventCountry "GER"]
[EventRounds "7"]
[EventType "team-swiss"]
[EventDate "2022.12.26"]

1. e4 {[%clk 1:30:37]} c5 {[%clk 1:30:56]} 2. Nf3 {[%clk 1:30:40]} d6 {[%clk
1:31:24]} 3. d4 {[%clk 1:30:40]} cxd4 {[%clk 1:31:51]} 4. Nxd4 {[%clk 1:30:56]}
Nf6 {[%clk 1:32:15]} 5. Nc3 {[%clk 1:31:06]} a6 {[%clk 1:32:40]} 6. Rg1 {[%clk
1:31:34]} e5 {[%clk 1:29:41]} 7. Nb3 {[%clk 1:31:56]} b5 {[%clk 1:28:17]} 8. g4
{[%clk 1:32:20]} Bb7 {[%clk 1:21:43]} 9. Bg2 {[%clk 1:29:50]} b4 {[%clk
1:18:54]} 10. Nd5 {[%clk 1:29:34]} Nxd5 {[%clk 1:19:11]} 11. exd5 {[%clk
1:29:51]} Be7 {[%clk 1:19:32]} 12. Be3 {[%clk 1:28:11]} a5 {[%clk 1:17:45]} 13.
a3 {[%clk 1:22:26]} a4 {[%clk 1:01:42]} 14. Nd2 {[%clk 1:21:48]} bxa3 {[%clk
1:01:01]} 15. Rxa3 {[%clk 1:20:40]} Nd7 {[%clk 0:57:11]} 16. Nc4 {[%clk
1:17:39]} O-O {[%clk 0:55:18]} 17. Bf3 {[%clk 1:06:45]} Qc7 {[%clk 0:49:35]}
18. Be2 {[%clk 1:03:42]} Rfc8 {[%clk 0:47:37]} 19. Kf1 {[%clk 0:59:41]} Rcb8
20. Rc3 {[%clk 0:49:37]} Qd8 {[%clk 0:36:22]} 21. Kg2 {[%clk 0:46:00]} Ba6
{[%clk 0:32:21]} 22. Kh1 {[%clk 0:36:51]} Bxc4 {[%clk 0:29:57]} 23. Rxc4 {[%clk
0:36:54]} Rxb2 {[%clk 0:29:49]} 24. Qa1 {[%clk 0:35:08]} a3 {[%clk 0:29:38]}
25. Bc1 {[%clk 0:33:47]} Rb7 {[%clk 0:27:51]} 26. Bxa3 {[%clk 0:28:29]} Qa5
{[%clk 0:22:27]} 27. Rd1 {[%clk 0:23:03]} Nb6 {[%clk 0:20:01]} 28. Rc3 {[%clk
0:16:09]} Nxd5 {[%clk 0:18:42]} 29. Rc4 {[%clk 0:10:13]} Nb6 {[%clk 0:17:40]}
30. Rc3 {[%clk 0:09:42]} d5 {[%clk 0:17:46]} 31. Bb2 {[%clk 0:09:49]} Na4
{[%clk 0:15:28]} 32. Rb3 {[%clk 0:09:05]} Rxb3 33. cxb3 {[%clk 0:09:26]} Nxb2
{[%clk 0:13:55]} 34. Qxb2 {[%clk 0:09:53]} d4 {[%clk 0:13:13]} 35. Bf3 {[%clk
0:09:26]} Rb8 {[%clk 0:12:36]} 36. Kg2 {[%clk 0:07:29]} h6 {[%clk 0:11:38]} 37.
Be4 {[%clk 0:06:33]} Qb6 {[%clk 0:09:48]} 38. Rc1 {[%clk 0:06:33]} Qe6 {[%clk
0:09:07]} 39. Bf5 {[%clk 0:02:52]} Qd5 {[%clk 0:09:16]} 40. f3 {[%clk 0:02:25]}
g6 {[%clk 0:06:50]} 41. Be4 {[%clk 0:01:32]} Qa5 {[%clk 0:00:41]} 42. Qc2
{[%clk 0:27:45]} Kg7 {[%clk 0:23:55]} 43. Qd3 {[%clk 0:24:34]} Qa2 {[%clk
0:23:44]} 44. Qc2 {[%clk 0:22:12]} Qxc2 {[%clk 0:22:43]} 45. Rxc2 {[%clk
0:22:32]} Rxb3 {[%clk 0:22:41]} 46. Rc7 {[%clk 0:22:49]} Kf6 {[%clk 0:20:26]}
47. Rc6 {[%clk 0:21:16]} Kg7 {[%clk 0:20:02]} 48. Rc7 {[%clk 0:21:40]} Rb2
{[%clk 0:17:12]} 49. Kf1 {[%clk 0:19:35]} Kf6 {[%clk 0:16:47]} 50. Bd5 {[%clk
0:17:37]} d3 {[%clk 0:13:25]} 51. Ke1 {[%clk 0:11:47]} Bb4 {[%clk 0:13:39]} 52.
Kd1 {[%clk 0:12:01]} Rxh2 {[%clk 0:13:41]} 53. Rxf7 {[%clk 0:12:26]} Kg5 {[%clk
0:14:05]} 54. f4 {[%clk 0:12:51]} exf4 {[%clk 0:14:17]} 55. Be4 {[%clk
0:13:12]} Kxg4 {[%clk 0:14:10]} 56. Bxd3 {[%clk 0:13:13]} Rd2 0-1

[Event "DVM U16 2022"]
[Site "Darmstadt GER"]
[Date "2022.12.27"]
[Round "1"]
[White "Morgenthaler, Nick"]
[Black "Tulchynsky, David"]
[Result "1/2-1/2"]
[Termination "normal"]
[Board "9.2"]
[WhiteElo "1320"]
[BlackElo "1617"]
[WhiteClock "01:06:36"]
[BlackClock "00:58:00"]
[WhiteTeam "SK Frankenthal"]
[BlackTeam "KSV Rochade Göttingen (Veltheim)"]
[PlyCount "114"]
[WhiteFideId "16286138"]
[BlackFideId "16289560"]
[EventCountry "GER"]
[EventRounds "7"]
[EventType "team-swiss"]
[EventDate "2022.12.26"]

1. d4 {[%clk 1:30:57]} d5 {[%clk 1:30:58]} 2. c4 {[%clk 1:30:45]} c6 {[%clk
1:31:25]} 3. Nf3 {[%clk 1:30:52]} e6 {[%clk 1:32:05]} 4. g3 {[%clk 1:30:18]} f5
{[%clk 1:32:16]} 5. Nc3 {[%clk 1:30:18]} Nf6 {[%clk 1:32:16]} 6. Bf4 {[%clk
1:25:39]} Bd6 {[%clk 1:32:16]} 7. Ne5 {[%clk 1:25:39]} O-O {[%clk 1:32:16]} 8.
h4 {[%clk 1:14:06]} Ng4 {[%clk 1:14:56]} 9. f3 {[%clk 1:13:55]} Nxe5 {[%clk
1:14:08]} 10. dxe5 {[%clk 1:12:16]} Bb4 {[%clk 1:04:17]} 11. e3 {[%clk
1:07:31]} Qa5 {[%clk 0:58:51]} 12. Qb3 {[%clk 1:06:36]} Nd7 {[%clk 0:58:00]}
13. a3 {[%clk 1:06:36]} Bxc3 {[%clk 0:58:00]} 14. bxc3 {[%clk 1:06:36]} b5
{[%clk 0:58:00]} 15. cxb5 {[%clk 1:06:36]} cxb5 {[%clk 0:58:00]} 16. Qb4 {[%clk
1:06:36]} Qxb4 {[%clk 0:58:00]} 17. axb4 {[%clk 1:06:36]} Nb6 {[%clk 0:58:00]}
18. Bxb5 {[%clk 1:06:36]} a6 {[%clk 0:58:00]} 19. Bd3 {[%clk 1:06:36]} Bb7
{[%clk 0:58:00]} 20. Kd2 {[%clk 1:06:36]} Nc4 {[%clk 0:58:00]} 21. Kc2 {[%clk
1:06:36]} Rfc8 {[%clk 0:58:00]} 22. Rhe1 {[%clk 1:06:36]} Rc7 {[%clk 0:58:00]}
23. Re2 {[%clk 1:06:36]} Rac8 {[%clk 0:58:00]} 24. Rc1 {[%clk 1:06:36]} Bc6
{[%clk 0:58:00]} 25. e4 {[%clk 1:06:36]} Ba4 {[%clk 0:58:00]} 26. Kb1 {[%clk
1:06:36]} fxe4 {[%clk 0:58:00]} 27. fxe4 {[%clk 1:06:36]} dxe4 {[%clk 0:58:00]}
28. Rxe4 {[%clk 1:06:36]} Bb5 {[%clk 0:58:00]} 29. Rd4 {[%clk 1:06:36]} Rb8
{[%clk 0:58:00]} 30. Ka2 {[%clk 1:06:36]} a5 {[%clk 0:58:00]} 31. Ra1 {[%clk
1:06:36]} axb4 {[%clk 0:58:00]} 32. cxb4 {[%clk 1:06:36]} Ra7 {[%clk 0:58:00]}
33. Kb1 {[%clk 1:06:36]} Na3 {[%clk 0:58:00]} 34. Kb2 {[%clk 1:06:36]} Bxd3
{[%clk 0:58:00]} 35. Rxa3 {[%clk 1:06:36]} Rxa3 {[%clk 0:58:00]} 36. Kxa3
{[%clk 1:06:36]} Bb5 {[%clk 0:58:00]} 37. Kb3 {[%clk 1:06:36]} Kf7 {[%clk
0:58:00]} 38. g4 {[%clk 1:06:36]} h6 {[%clk 0:58:00]} 39. Kc3 {[%clk 1:06:36]}
Rc8 {[%clk 0:58:00]} 40. Kb2 {[%clk 1:06:36]} Rc4 {[%clk 0:58:00]} 41. Rxc4
{[%clk 1:06:36]} Bxc4 {[%clk 0:58:00]} 42. Kc3 {[%clk 1:06:36]} Bd5 {[%clk
0:58:00]} 43. Kd4 {[%clk 1:06:36]} Ke7 {[%clk 0:58:00]} 44. Kc5 {[%clk
1:06:36]} Kd7 {[%clk 0:58:00]} 45. Kb6 {[%clk 1:06:36]} Kc8 {[%clk 0:58:00]}
46. Be3 {[%clk 1:06:36]} Bf3 {[%clk 0:58:00]} 47. Bxh6 {[%clk 1:06:36]} gxh6
{[%clk 0:58:00]} 48. g5 {[%clk 1:06:36]} hxg5 {[%clk 0:58:00]} 49. hxg5 {[%clk
1:06:36]} Be4 {[%clk 0:58:00]} 50. Ka7 {[%clk 1:06:36]} Bd3 {[%clk 0:58:00]}
51. Kb6 {[%clk 1:06:36]} Kd7 {[%clk 0:58:00]} 52. b5 {[%clk 1:06:36]} Ke7
{[%clk 0:58:00]} 53. Kc6 {[%clk 1:06:36]} Be4 {[%clk 0:58:00]} 54. Kc7 {[%clk
1:06:36]} Kf7 {[%clk 0:58:00]} 55. Kd6 {[%clk 1:06:36]} Bd5 {[%clk 0:58:00]}
56. b6 {[%clk 1:06:36]} Kg6 {[%clk 0:58:00]} 57. b7 {[%clk 1:06:36]} Bxb7
{[%clk 0:58:00]} 1/2-1/2

[Event "DVM U16 2022"]
[Site "Darmstadt GER"]
[Date "2022.12.27"]
[Round "1"]
[White "Lesser, Luan"]
[Black "Schreidl, Michael"]
[Result "1-0"]
[Termination "normal"]
[Board "9.3"]
[WhiteElo "1413"]
[BlackElo "1713"]
[WhiteClock "00:28:38"]
[BlackClock "00:01:53"]
[WhiteTeam "KSV Rochade Göttingen (Veltheim)"]
[BlackTeam "SK Frankenthal"]
[PlyCount "75"]
[WhiteFideId "34640150"]
[BlackFideId "16265750"]
[EventCountry "GER"]
[EventRounds "7"]
[EventType "team-swiss"]
[EventDate "2022.12.26"]

1. e4 {[%clk 1:30:59]} e5 {[%clk 1:30:56]} 2. f4 d6 {[%clk 1:29:35]} 3. Nf3
{[%clk 1:31:39]} Bg4 {[%clk 1:29:14]} 4. h3 {[%clk 1:31:42]} Bxf3 {[%clk
1:29:10]} 5. Qxf3 {[%clk 1:32:09]} exf4 {[%clk 1:27:31]} 6. Bc4 {[%clk
1:26:44]} Qh4 {[%clk 1:22:39]} 7. Kd1 {[%clk 1:14:51]} Nc6 {[%clk 1:16:55]} 8.
Qb3 {[%clk 1:14:11]} O-O-O 9. c3 {[%clk 1:11:10]} Na5 {[%clk 1:08:11]} 10. Qa4
{[%clk 1:10:21]} Nxc4 11. Qxc4 {[%clk 1:10:49]} Qh5 {[%clk 1:06:08]} 12. Kc2
{[%clk 1:10:50]} d5 {[%clk 1:02:46]} 13. exd5 {[%clk 1:09:28]} Qg6 {[%clk
1:01:49]} 14. Kb3 {[%clk 1:06:58]} Qxg2 {[%clk 0:59:10]} 15. Rf1 {[%clk
1:05:42]} Qxd5 {[%clk 0:54:40]} 16. Rxf4 {[%clk 1:04:13]} Nf6 {[%clk 0:52:15]}
17. d4 {[%clk 1:01:15]} Qh5 {[%clk 0:51:45]} 18. Qd3 {[%clk 0:58:33]} Bd6
{[%clk 0:51:03]} 19. Rf5 {[%clk 0:52:08]} Qg6 {[%clk 0:48:20]} 20. Qf3 {[%clk
0:51:55]} h6 {[%clk 0:45:31]} 21. Na3 {[%clk 0:48:46]} Qg3 {[%clk 0:42:40]} 22.
Nc4 {[%clk 0:46:20]} Qxf3 {[%clk 0:41:33]} 23. Rxf3 {[%clk 0:46:48]} Rhe8
{[%clk 0:40:49]} 24. Bf4 {[%clk 0:46:28]} Bxf4 {[%clk 0:40:36]} 25. Rxf4 {[%clk
0:46:52]} Re4 {[%clk 0:34:25]} 26. Rf3 {[%clk 0:45:30]} Rf8 {[%clk 0:18:13]}
27. Rg1 {[%clk 0:45:40]} Nh5 {[%clk 0:17:17]} 28. Ne3 {[%clk 0:40:52]} g5
{[%clk 0:15:27]} 29. Ng4 {[%clk 0:40:28]} Re6 {[%clk 0:14:39]} 30. Rh1 {[%clk
0:31:59]} Rb6 {[%clk 0:13:53]} 31. Kc2 {[%clk 0:32:25]} Nf4 {[%clk 0:12:12]}
32. h4 {[%clk 0:32:25]} Re8 {[%clk 0:12:12]} 33. Rf2 {[%clk 0:30:43]} Rbe6
{[%clk 0:04:43]} 34. hxg5 {[%clk 0:30:39]} hxg5 {[%clk 0:04:47]} 35. Rh7 {[%clk
0:29:55]} f6 {[%clk 0:03:07]} 36. Rf7 {[%clk 0:30:09]} Re2 {[%clk 0:01:30]} 37.
Rxe2 {[%clk 0:28:10]} Rxe2 {[%clk 0:01:53]} 38. Kb3 {[%clk 0:28:38]} 1-0